000 00336nam a2200145Ia 4500
005 20251222151338.0
008 251222s9999||||xx |||||||||||||| ||spa||
020 _a9500720094
082 _a364.132.3/O57
100 _aOppenheimer, Andrés
245 0 _aOjos Vendados:
250 _a3ra. ed.
264 _bSudamericana
942 _cLIB
999 _c24381
_d24381